[Event "IECC CL3-2004.24 email"]
[Site "IECC email"]
[Date "2004.11.14"]
[Round "?"]
[White "Kutkaitis, Romualdas"]
[Black "Powell, William"]
[Result "1-0"]
[WhiteElo "1911"]
[BlackElo "1830"]
[PlyCount "69"]
[EventDate "2004.??.??"]
[EventType "tourn (corr)"]
[EventRounds "4"]
[SourceTitle "Corr 2008"]
[Source "ChessBase"]
[SourceDate "2008.06.24"]
[SourceVersion "1"]
[SourceVersionDate "2008.06.24"]
[SourceQuality "1"]

1. e4 c5 2. c3 d5 3. exd5 Qxd5 4. d4 Nf6 5. Nf3 e6 6. Be3 cxd4 7. cxd4 Nc6 8. Nc3 Qd6 9. a3 Be7 10. Bd3 b6 11. Nb5 Qd8 12. Rc1 Bb7 13. Ne5 Rc8 14. Nxc6 Rxc6 15. Nxa7 Rxc1 16. Qxc1 Ng4 17. Nc6 Qd6 18. Nxe7 Kxe7 19. Bd2 Kd8 20. Be2 Nf6 21. 0-0 Nd5 22. Bf3 Ke7 23. Bb4 Nxb4 24. Qg5+ Kf8 25. Bxb7 Nd3 26. Qe3 Qb8 27. Be4 Nf4 28. Re1 h6 29. d5 Nxd5 30. Bxd5 exd5 31. Qe7+ Kg8 32. Qe8+ Kh7 33. Qxf7 Qc8 34. Qxd5 Re8 35. Qd3+ 1-0

[Event "IECC CL3-2003.16 email"]
[Site "IECC email"]
[Date "2003.07.17"]
[Round "?"]
[White "Powell, William"]
[Black "Jordan, Tanya"]
[Result "1/2-1/2"]
[WhiteElo "1857"]
[BlackElo "1917"]
[PlyCount "123"]
[EventDate "2003.??.??"]
[EventType "tourn (corr)"]
[EventRounds "4"]
[SourceTitle "Corr 2008"]
[Source "ChessBase"]
[SourceDate "2008.06.24"]
[SourceVersion "1"]
[SourceVersionDate "2008.06.24"]
[SourceQuality "1"]

1. e4 c5 2. Nf3 Nc6 3. d4 cxd4 4. Nxd4 e6 5. Nb5 Nf6 6. N1c3 d6 7. Bf4 e5 8. Be3 a6 9. Na3 b5 10. Nd5 Rb8 11. Nxf6+ Qxf6 12. Be2 Be7 13. 0-0 0-0 14. c4 b4 15. Nc2 Be6 16. b3 Rfc8 17. f4 exf4 18. Bxf4 Qg6 19. Qd2 Bf6 20. Rad1 Be5 21. Qe3 Rd8 22. Bxe5 dxe5 23. c5 a5 24. Rd6 Rxd6 25. cxd6 Rc8 26. Ba6 Rb8 27. Rf2 a4 28. Qd3 axb3 29. axb3 Nd8 30. Ne3 Ra8 31. Rf1 h6 32. Bc4 Ra2 33. Bxe6 Nxe6 34. d7 Nd8 35. Kh1 Kh7 36. Rg1 Qb6 37. Nd5 Qd6 38. Rd1 Kh8 39. h3 Qxd7 40. Nxb4 Qxd3 41. Nxd3 Nc6 42. b4 f6 43. b5 Na5 44. Rb1 Nb7 45. Rb2 Ra3 46. Nf2 Kg8 47. Kg1 Kf7 48. b6 Ke6 49. Rc2 Rb3 50. Rc6+ Nd6 51. Kf1 f5 52. Ke2 Rb2+ 53. Ke1 h5 54. Nd1 Rb4 55. Ne3 Rxe4 56. Kd2 Kd7 57. Rc7+ Kd8 58. Rc6 Rd4+ 59. Ke2 f4 60. Nc2 Rd5 61. Nb4 Rb5 62. Rxd6+ 1/2-1/2

[Event "IECC CL3-2003.16 email"]
[Site "IECC email"]
[Date "2003.07.17"]
[Round "?"]
[White "Powell, William"]
[Black "Van Nierop, Arie"]
[Result "1/2-1/2"]
[WhiteElo "1868"]
[BlackElo "1898"]
[PlyCount "52"]
[EventDate "2003.??.??"]
[EventType "tourn (corr)"]
[EventRounds "4"]
[SourceTitle "Corr 2008"]
[Source "ChessBase"]
[SourceDate "2008.06.24"]
[SourceVersion "1"]
[SourceVersionDate "2008.06.24"]
[SourceQuality "1"]

1. e4 e5 2. f4 d5 3. exd5 e4 4. d3 Nf6 5. dxe4 Nxe4 6. Nf3 Bc5 7. Qe2 Bf5 8. Nc3 Qe7 9. Be3 Nxc3 10. Bxc5 Qxe2+ 11. Bxe2 Nxd5 12. 0-0-0 Nxf4 13. Bb5+ Bd7 14. Rhe1+ Ne6 15. Nd4 Bxb5 16. Nxb5 Na6 17. Ba3 h5 18. h4 Rd8 19. Rxd8+ Kxd8 20. Rd1+ Ke8 21. g3 Rh6 22. Nxa7 Rf6 23. Nb5 Rf3 24. Rd3 Rxd3 25. cxd3 Kd7 26. b3 Kc6 1/2-1/2

[Event "IECC CL4-2003.13 email"]
[Site "IECC email"]
[Date "2003.06.03"]
[Round "?"]
[White "Williams, Derek"]
[Black "Powell, William"]
[Result "0-1"]
[WhiteElo "1747"]
[BlackElo "1829"]
[PlyCount "98"]
[EventDate "2003.??.??"]
[EventType "tourn (corr)"]
[EventRounds "4"]
[SourceTitle "Corr 2008"]
[Source "ChessBase"]
[SourceDate "2008.06.24"]
[SourceVersion "1"]
[SourceVersionDate "2008.06.24"]
[SourceQuality "1"]

1. e4 e5 2. Nf3 Nc6 3. Bc4 Bc5 4. 0-0 d6 5. c3 Qf6 6. b4 Bb6 7. a4 a5 8. b5 Nd8 9. d4 Bg4 10. dxe5 dxe5 11. Bg5 Qxg5 12. Nxg5 Bxd1 13. Rxd1 Nf6 14. Ra2 0-0 15. Nf3 Nxe4 16. Nxe5 Ne6 17. Re2 N4c5 18. Ra2 Rfd8 19. Bd5 Kf8 20. Rad2 Nxa4 21. Bxb7 Rxd2 22. Rxd2 Rd8 23. Rxd8+ Nxd8 24. Be4 g6 25. Bc2 Nc5 26. Nd2 a4 27. Nec4 Ndb7 28. Nxb6 a3 29. Bb1 cxb6 30. Nc4 Na4 31. Nxa3 Nxc3 32. f3 Ke7 33. Bd3 Kd6 34. Bc4 f6 35. Bg8 h6 36. Nc4+ Kc5 37. Ne3 Kxb5 38. Ng4 Kc5 39. Nxf6 b5 40. Ng4 b4 41. Nxh6 Nd6 42. Ng4 Kd4 43. Nf6 Nc4 44. Bf7 b3 45. Bxg6 Ne5 46. Bf5 Nd3 47. Ne4 Nxe4 48. Bxe4 b2 49. Bxd3 Kxd3 0-1

[Event "IECG CB.2003.0.00073 email"]
[Site "IECG email"]
[Date "2003.03.16"]
[Round "?"]
[White "Powell, William"]
[Black "Malmstroem, Jan"]
[Result "1/2-1/2"]
[WhiteElo "1800"]
[BlackElo "1904"]
[PlyCount "47"]
[EventDate "2003.03.16"]
[EventType "tourn (corr)"]
[EventRounds "6"]
[SourceTitle "Corr 2008"]
[Source "ChessBase"]
[SourceDate "2008.06.24"]
[SourceVersion "1"]
[SourceVersionDate "2008.06.24"]
[SourceQuality "1"]

1. e4 e6 2. d4 d5 3. Nd2 c5 4. exd5 Qxd5 5. Ngf3 Nf6 6. Bc4 Qd8 7. 0-0 cxd4 8. Nb3 Nc6 9. Nbxd4 Nxd4 10. Nxd4 Bc5 11. c3 0-0 12. Bg5 h6 13. Bh4 Bd7 14. Qd3 Rc8 15. Rad1 Bxd4 16. Qxd4 e5 17. Qd3 Bg4 18. Qxd8 Rfxd8 19. Rxd8+ Rxd8 20. f3 Be6 21. Bxe6 fxe6 22. h3 Rd2 23. Rf2 Rd1+ 24. Rf1 1/2-1/2

[Event "IECG CB.2003.0.00068 email"]
[Site "IECG email"]
[Date "2003.01.26"]
[Round "?"]
[White "Ganin, Alberto Walter"]
[Black "Powell, William"]
[Result "1-0"]
[WhiteElo "1800"]
[BlackElo "1800"]
[PlyCount "51"]
[EventDate "2003.01.26"]
[EventType "tourn (corr)"]
[EventRounds "6"]
[SourceTitle "Corr 2008"]
[Source "ChessBase"]
[SourceDate "2008.06.24"]
[SourceVersion "1"]
[SourceVersionDate "2008.06.24"]
[SourceQuality "1"]

1. e4 e5 2. Nf3 Nc6 3. Bb5 a6 4. Ba4 Nf6 5. 0-0 b5 6. Bb3 Bc5 7. c3 Bb6 8. d4 d6 9. h3 Bb7 10. Re1 0-0 11. Bg5 h6 12. Bh4 Re8 13. d5 Na5 14. Bc2 c6 15. dxc6 Nxc6 16. Nbd2 Qe7 17. a4 b4 18. Nc4 Bc5 19. Qd2 bxc3 20. bxc3 Rab8 21. Rab1 Rf8 22. Red1 Rfd8 23. Rb2 Ba7 24. Rdb1 Bc8 25. Nb6 Na5 26. Nd5 1-0

[Event "IECG CB.2003.0.00068 email"]
[Site "IECG email"]
[Date "2003.01.26"]
[Round "?"]
[White "Powell, William"]
[Black "Bernal Varela, Nelson"]
[Result "0-1"]
[WhiteElo "1800"]
[BlackElo "1985"]
[PlyCount "84"]
[EventDate "2003.01.26"]
[EventType "tourn (corr)"]
[EventRounds "6"]
[SourceTitle "Corr 2008"]
[Source "ChessBase"]
[SourceDate "2008.06.24"]
[SourceVersion "1"]
[SourceVersionDate "2008.06.24"]
[SourceQuality "1"]

1. e4 c6 2. d4 d5 3. e5 Bf5 4. Nf3 e6 5. Be2 c5 6. Be3 Qb6 7. Nc3 c4 8. Rb1 Bb4 9. 0-0 Ne7 10. Qd2 Qa5 11. a3 Bxc3 12. Qxc3 Qxc3 13. bxc3 b6 14. Rb2 Bg4 15. h3 Bxf3 16. Bxf3 Nbc6 17. Bg4 h5 18. Bf3 f6 19. exf6 gxf6 20. Re1 Kd7 21. Bf4 Ng6 22. Bg3 Rag8 23. Rb5 Rg7 24. Kf1 Rhh7 25. a4 f5 26. Bxd5 exd5 27. Rxd5+ Kc8 28. Rxf5 Nge7 29. Rb5 h4 30. Bh2 Rg6 31. Re4 Kd7 32. Rg4 Rf6 33. Ke2 Rhf7 34. f3 Nf5 35. d5 Nce7 36. a5 Rg7 37. axb6 Rxb6 38. Rc5 Rxg4 39. hxg4 Nd6 40. Be5 Rb2 41. Kd2 Rb1 42. Bf6 Rb5 0-1

[Event "IECG CB.2003.0.00068 email"]
[Site "IECG email"]
[Date "2003.01.26"]
[Round "?"]
[White "Powell, William"]
[Black "Ventimiglia, Charles"]
[Result "1/2-1/2"]
[WhiteElo "1800"]
[BlackElo "1925"]
[PlyCount "96"]
[EventDate "2003.01.26"]
[EventType "tourn (corr)"]
[EventRounds "6"]
[SourceTitle "Corr 2008"]
[Source "ChessBase"]
[SourceDate "2008.06.24"]
[SourceVersion "1"]
[SourceVersionDate "2008.06.24"]
[SourceQuality "1"]

1. e4 c5 2. Nf3 Nc6 3. Bb5 g6 4. 0-0 Bg7 5. Re1 e5 6. Bxc6 dxc6 7. d3 Ne7 8. Be3 b6 9. a4 a5 10. Nbd2 0-0 11. Nc4 Qc7 12. b4 axb4 13. a5 bxa5 14. Bxc5 Bg4 15. Bb6 Qb8 16. Bxa5 f5 17. Qd2 fxe4 18. dxe4 Bxf3 19. gxf3 Qc8 20. Nb6 Qh3 21. Qg5 Rae8 22. Qg4 Qxf3 23. Qxf3 Rxf3 24. Bxb4 Rf4 25. Bc5 g5 26. Ra4 Ng6 27. Be3 Nh4 28. Rd1 Rf7 29. Rc4 Re6 30. Rd8+ Bf8 31. h3 Nf3+ 32. Kg2 Rg6 33. Nd7 g4 34. Ra4 Ne1+ 35. Kh2 Nxc2 36. Raa8 g3+ 37. fxg3 Nxe3 38. Rxf8+ Rxf8 39. Rxf8+ Kg7 40. Re8 Kf7 41. Rc8 Nc4 42. Rc7 Kg8 43. Nb8 Nd2 44. Nxc6 Re6 45. Ne7+ Kh8 46. Nf5 h5 47. Ng7 Rh6 48. Nf5 Re6 1/2-1/2